000
00309nam a22001337a 4500
008
180115b xxu||||| |||| 00| 0 eng d
020
_a
04710933394
041
_a
eng
080
_2
3 ED
_a
51
100
_a
38
101
_a
MAT
245
_a
ELEMENTARY DIFFRENTIAL EQUATIONS
_c
RICHARD.C.D
942
_2
udc
_c
BK
999
_c
40230
_d
40230